000 00878nam a2200277 i 4500
001 000033936
003 DO-SdBNP
005 20241122072723.0
007 ta
008 110914s2010 dr 000 0 spa d
020 _a9789597156161
040 _aDO-SdBNP
_bspa
_cBNPHU
_erda
082 _axxx
_bD278
_222
245 0 0 _aDe América soy hijo :
_bcompilación de artículos y discursos /
_ccompilador Armando Hart Dávalos.
264 _aSanto Domingo :
_bFundación Global Democracía y Desarrollo,
_c2010.
300 _a209 páginas;
_c22 cm.
336 _ardacontent
_btexto
_2txt
337 _ardamedia
_bsin mediación
_2n
338 _ardacarrier
_bvolumen
_2nc
490 1 _aCátedra Juan Bosch
590 _aInventariado, 2024/DG
700 1 _aHart Dávalos, Armando
_ecompilador
_950241
830 0 _aCátedra Juan Bosch
_959385
910 _aDG
942 _2ddc
_cLBS1
999 _c33427
_d33427